Trendy na svetových trhoch – nové rekordy roka 2008

Analýza vývoja cien ropy, identifikácia činiteľov a príčin náhlych zmien cien, analýza spolupráce Ruska a OPEC v súvislosti s určovaním cien, analýza cien ropy na pozadí svetovej finančnej krízy, nestabilného dolára a náhlych prepadov cien na svetových trhoch a burzách.

Guardado en:
Detalles Bibliográficos
Autor principal: Čurlejová, Libuša
Otros Autores: Glavatskich, Maria
Formato: Capítulo de libro
Lenguaje:eslovaco
Materias:
Etiquetas: Agregar Etiqueta
Sin Etiquetas, Sea el primero en etiquetar este registro!

MARC

LEADER 00000nla$a2200000$$$4500
001 0101403
005 20240502083245.7
041 0 |a slo 
044 |a CZ 
245 1 0 |a Trendy na svetových trhoch – nové rekordy roka 2008  |c Libuša Čurlejová, Maria Glavatskich 
520 |a Analýza vývoja cien ropy, identifikácia činiteľov a príčin náhlych zmien cien, analýza spolupráce Ruska a OPEC v súvislosti s určovaním cien, analýza cien ropy na pozadí svetovej finančnej krízy, nestabilného dolára a náhlych prepadov cien na svetových trhoch a burzách. 
610 2 0 |a ropa 
610 2 0 |a ceny 
610 2 0 |a kríza finančná 
610 2 0 |a kríza hospodárska 
610 2 0 |a trh svetový 
100 1 |a Čurlejová, Libuša 
700 1 |a Glavatskich, Maria